=LDR 00000nam 2200000 4500 =001 000252 =005 20250710121810 =035 ##$$a 0010-0725000083 =245 1#$$a Badak Kecil dan Sepeda yang Terlalu Tinggi /$c Choeurn Bros =100 #$$a Choeurn Bros =250 ##$$a Cetakan Pertama =300 ##$$a 18 hlm. : $b Ilus. ; $c 21,5 cm. =856 ##$$a TBM AS SUHADA =260 ##$$a Rawamangun :$b Badan Pengembangan dan Pembinaan Bahasa,$c 2022 =082 ##$$a 398.209 598 =084 ##$$a 398.209 598 BRO b =020 ##$$a 978-623-307-509-1 =650 #4$$a Cerita Anak Indonesia - Terjemahan =650 #4$$a Literasi - Bahan bacaan =990 ##$$a TBM202400789